000 00689nam a2200289Ia 4500
005 20260324134622.0
008 008 260324s9999 xx 000 0 eng d
020 _a9781410603982
037 _aEBOOK
040 _aCRL
040 _beng
040 _cCRL
041 _2eng
041 _aeng
084 _qCRL
100 _aKaren Emmorey
_91192353
245 0 _aLanguage, Cognition, and the Brain
245 0 _bInsights From Sign Language Research
260 _bTaylor and Francis
260 _c2001
365 _a
365 _b255
856 _uhttp://www.taylorfrancis.com/books/9781410603982
942 _cEBOOK
999 _c1797779
_d1797779